00704nam a22002297a 4500003001100000005001700011008004100028020001500069040003900084041000800123082001300131100001800144245008300162260004200245300002500287650001100312650002000323650002100343942000700364952008800371999001500459LK-CoMWRAF20231109103824.0231012b2001 |||||||| |||| 00| 0 eng d a0809223996 aLK-CoMWRAFdLK-CoMWRAFeLK-CoMWRAF aeng a508bCOO aCook, Charles aAwakening to nature: brenewing your life by connecting with the natural world aNew York: bContemporary Books,c2001 axxi, 261 p. ; 21 cm. aNATURE aHuman ecology.  aNatural history. cBK 00104070aMAINbMAINd2023-10-12l0o508 COOpRAF1718r2023-10-12w2023-10-12yBK c3837d3837